LEADER 01058nam a2200265 i 4500 001 000000156515 003 CaOOAMICUS 005 20061206000000.0 008 061206s1979 it u000 u ita u 013 $a133870 040 $aSeMil$bita 100 1 $aForesta, Gaetano.$0(OLS)http://semarc/name/61149 245 13$aIl chisciottismo di Unamuno in Italia /$cGaetano Foresta. 260 $aLecce :$bMilella,$cstampa 1979. 300 $a239 p., [4] c. di tav. ;$c21 cm. 490 0 $aCollezione di studi e testi ;$v28 500 $aFondo Ciprandi. 650 4$aUnamuno, Miguel : de <1864-1936> - Fortuna - Italia.$0(OLS)http://semarc/subject/30623 830 0$aCollezione di studi e testi ;$v28.$0(OLS)http://semarc/title/19901 850 $aSeMil 852 $aSeMil$W1$xVenegono$y1$m1C V 86$j108278$B108278$CSeMilBibl$Z2$F117850 $81 941 1 $a1 961 $aOmaggio: Ciprandi dott. Paolo 996 $6245$aIl chisciottismo di Unamuno in Italia$9(OLS)http://semarc/title/229415 996 $6260$aLecce :$bMilella$9(OLS)http://semarc/publisher/30412 LEADER 01427nam a2200217 4500 001 000000338386 003 CaOOAMICUS 005 20191206120743.0 008 191206s1814 it 000 u ita r 040 $aSeMil$bita 100 01$aBolgeni, Giovanni Vincenzo,$d<1733-1811>.$0(OLS)http://semarc/name/23348 245 00$aConfutazione della dissertazione del signor abate Gian-Vincenzo Bolgeni intitolata Il possesso principio fondamentale per decidere i casi morali indirizzata allo stesso illustre dissertatore da un sacerdote carmelitano scalzo. Parte 1. [-2.]. 264 1$aVenezia :$bTipografia Santini,$c1814. 300 $a2 v. ;$c8° 752 $aIT$dVenezia 774 0 $aBolgeni, Giovanni Vincenzo <1733-1811>$tParte seconda a cui si premette un'appendice alla prima, e si aggiunge una dissertazione sopra una supposta decisione del Sacro concilio di Trento.$dVenezia : Tipografia Santini, 1814.$w()338387 850 $aSeMil 852 $aSeMil$W1$xVenegono$y1$aVol. 2$B229637$CSeMilBibl$Z2$F229637 $8I 996 $6245$aConfutazione della dissertazione del signor abate Gian-Vincenzo Bolgeni intitolata Il possesso principio fondamentale per decidere i casi morali indirizzata allo stesso illustre dissertatore da un sacerdote carmelitano scalzo. Parte 1. [-2.]$9(OLS)http://semarc/title/427267 996 $6264$aVenezia :$bTipografia Santini$9(OLS)http://semarc/publisher/58724 LEADER 01224nam a2200253 4500 001 000000362996 003 CaOOAMICUS 005 20250530090913.0 008 250530s2025 it 000 u ita r 040 $aSeMil$bita 100 1 $aRedaelli, Carlo Roberto Maria,$c.$0(OLS)http://semarc/name/18044 245 10$aGorizia cittą della pace :$bomelie 2013-2024 nella festa dei Santi Ilario e Taziano /$cCarlo Roberto Maria Redaelli. 264 1$aGorizia :$bVoce Isontina,$c2025. 300 $a93 p. ;$c19 cm 500 $aSupplemento al n. 1 di Voce Isontina dell'11 gennaio 2025 650 4$aGorizia.$0(OLS)http://semarc/subject/57676 650 4$aRedaelli, Carlo Roberto Maria - Scritti, discorsi, omelie, lettere pastorali, etc.$0(OLS)http://semarc/subject/15938 850 $aSeMil 852 $aSeMil$W1$xVenegono$y1$m5B VIII 4/23$j258685$B253871$CSeMilBibl$Z2$F253871 $81 941 1 $a7 961 $aOmaggio mons. Mario Delpini 996 $6245$aGorizia cittą della pace :$bomelie 2013-2024 nella festa dei Santi Ilario e Taziano$9(OLS)http://semarc/title/454022 996 $6264$aGorizia :$bVoce Isontina$9(OLS)http://semarc/publisher/38093